00554 a2200205 4500260001500000245006300015300001000078260001000088260000900098130000800107100001900115690001600134690001500150690001200165690001100177690001700188020001800205999001700223952010800240 bFlammarion aCannibales et monarques : essai sur l'origine des cultures a267p. aParis c1979 lfr. aHARRIS, Marvin aagriculture aprotéine aculture anature acivilisation a2-08-064193-X c20923d20923 00104070aBIDOCbBIDOCd0000-00-00l0oNSA.1979.013r2009-02-27 00:00:00t1w2009-02-27yLIVRzA.5633